| 000 | 00434cam a22001217a 4500 | ||
|---|---|---|---|
| 008 | 180718b2009 xxu||||| |||| 00| 0 eng d | ||
| 082 | _aAPPPA 2008-09/KHA | ||
| 100 | _aKharkwal, Amitabh | ||
| 245 |
_aFederal crime and centre-state relations in India: problem and prognosis _cby Amitabh Kharkwal |
||
| 260 |
_aNew Delhi _bIndian Institute of Public Administration _c2009 |
||
| 300 | _a170p. | ||
| 650 | _aFederal - State relations - India | ||
| 999 |
_c495211 _d495211 |
||